| 000 | 01272nam a22002657a 4500 | ||
|---|---|---|---|
| 005 | 20131024162707.0 | ||
| 010 | _aHIN-78767 B-510941-985 | ||
| 020 |
_a8175736944 _c150.00 |
||
| 035 | _aB-209809 B-510941-985 | ||
| 035 | _aदिपला /यूबीएच | ||
| 037 | _bD.B.Act / ven | ||
| 037 | _bयू.बी.एच. | ||
| 037 | _bदिपला | ||
| 082 | _aक | ||
| 245 |
_aपंचतंत्र की कहानियाँ/ _cश्याम दूआ द्वारा सम्पादित |
||
| 260 |
_aनोएडा यू.पी _bटिनी टॅाट पब्लिकेशन _c2012 |
||
| 270 |
_aएच- 37, सेक्टर-63 _bनोएडा यू.पी _e201301 _k9310163582, 0120-4570157 |
||
| 300 |
_a144पृ _bसचित्र _c23 सेमी (सजिल्द) |
||
| 650 | _aबाल कहानियाँ | ||
| 650 | _aकहानियाँ | ||
| 650 | _aChildren Storys | ||
| 700 | _aश्याम दुआ | ||
| 942 |
_adpl _cCH _2ddc _hक _mपंचतं |
||
| 999 |
_c79892 _d79892 |
||